00738naa#a2200181#i#4500001001600000005001700016011001400033100004100047102000700088200010000095210011000195215001000305608002700315675017200342700000600514700000600520856003000526EN\\bibl\12126820260501232308.5##a1994-4683##a20230803b2023####ek#y0engy0150####ca##aRU1#aMOTIVATION OF STUDENTS WHEN STUDYING MATHEMATICAL DISCIPLINES IN HIGHER SCHOOLeJournal article1#aMoscowcNational State University of Physical Education, Sports and Health named after P.F. Lesgaftd2023##a3 с.##aJournal article2local##aЛабораторные работы. Самостоятельные исследования. Практика вне учебного заведения. 378.147.88#1g #1g 4#auchzapiski.lesgaft.spb.ru